Statistics for Guess the 1970s song lyrics #285

Click here to take the quiz!

General Stats

  • This quiz has been taken 7 times
  • The average score is 148 of 232

Answer Stats

Answer% Correct
I
100%
If
100%
can
86%
could
86%
In
86%
in
86%
is
86%
me
86%
my
86%
see
86%
where
86%
you
86%
a
71%
And
71%
feel
71%
feelin
71%
I'm
71%
it's
71%
no
71%
say
71%
what
71%
When
71%
when
71%
your
71%
again
57%
been
57%
better
57%
do
57%
don't
57%
every
57%
find
57%
get
57%
got
57%
her
57%
like
57%
losin
57%
man
57%
pain
57%
really
57%
shame
57%
she
57%
She's
57%
Shes
57%
sin
57%
Sometimes
57%
Sundown
57%
take
57%
that
57%
think
57%
winnin
57%
back
43%
care
43%
confess
43%
creepin
43%
faded
43%
first
43%
Gettin
43%
hard
43%
jeans
43%
lookin
43%
lost
43%
lovin
43%
make
43%
mean
43%
means
43%
mistake
43%
move
43%
picture
43%
room
43%
round
43%
stairs
43%
woman
43%
you'd
43%
always
29%
dream
29%
dress
29%
fast
29%
lyin
29%
queen
29%
sailor's
29%
satin
29%

Score Distribution

Percentile by Number Answered

Percent of People with Each Score

Your Score History

You have not taken this quiz